The dictionary of international business terms / (Record no. 10556)
[ view plain ]
| 000 -LEADER | |
|---|---|
| fixed length control field | 01247cam a2200337 a 4500 |
| 090 ## - LOCALLY ASSIGNED LC-TYPE CALL NUMBER (OCLC); LOCAL CALL NUMBER (OCLC) | |
| -- | 0 |
| 001 - CONTROL NUMBER | |
| control field | 2153449 |
| 005 - DATE AND TIME OF LATEST TRANSACTION | |
| control field | 20000612150311.0 |
| 008 - FIXED-LENGTH DATA ELEMENTS--GENERAL INFORMATION | |
| fixed length control field | 980922s1998 ilua bd 000 0 eng d |
| 010 ## - LIBRARY OF CONGRESS CONTROL NUMBER | |
| LC control number | 98218559 |
| 020 ## - INTERNATIONAL STANDARD BOOK NUMBER | |
| International Standard Book Number | 0814404456 |
| 035 ## - SYSTEM CONTROL NUMBER | |
| System control number | (OCoLC)39908472 |
| 040 ## - CATALOGING SOURCE | |
| Original cataloging agency | MiFliB |
| Transcribing agency | MiFliB |
| Modifying agency | DLC |
| 042 ## - AUTHENTICATION CODE | |
| Authentication code | lccopycat |
| 050 04 - LIBRARY OF CONGRESS CALL NUMBER | |
| Classification number | HD62.4 |
| Item number | .S524 1998 |
| 082 00 - DEWEY DECIMAL CLASSIFICATION NUMBER | |
| Classification number | 658.04903 |
| Edition number | 21 |
| Item number | SHI |
| 100 1# - MAIN ENTRY--PERSONAL NAME | |
| Personal name | Shim, Jae K. |
| 245 14 - TITLE STATEMENT | |
| Title | The dictionary of international business terms / |
| Statement of responsibility, etc | Jae K. Shim, Joel G. Siegel, Marc H. Levine. |
| 246 30 - VARYING FORM OF TITLE | |
| Title proper/short title | International business terms |
| 260 ## - PUBLICATION, DISTRIBUTION, ETC. (IMPRINT) | |
| Place of publication, distribution, etc | Chicago : |
| Name of publisher, distributor, etc | Glenlake Publ. Co. ; |
| Place of publication, distribution, etc | New York : |
| Name of publisher, distributor, etc | AMACOM, |
| Date of publication, distribution, etc | c1998. |
| 300 ## - PHYSICAL DESCRIPTION | |
| Extent | 317 p. : |
| Other physical details | ill. ; |
| Dimensions | 24 cm. |
| 504 ## - BIBLIOGRAPHY, ETC. NOTE | |
| Bibliography, etc | Includes bibliographical references (p. 303-304). |
| 650 #0 - SUBJECT ADDED ENTRY--TOPICAL TERM | |
| Topical term or geographic name as entry element | International business enterprises |
| General subdivision | Management |
| -- | Dictionaries. |
| 650 #0 - SUBJECT ADDED ENTRY--TOPICAL TERM | |
| Topical term or geographic name as entry element | International trade |
| General subdivision | Dictionaries. |
| 700 1# - ADDED ENTRY--PERSONAL NAME | |
| Personal name | Siegel, Joel G. |
| 700 1# - ADDED ENTRY--PERSONAL NAME | |
| Personal name | Levine, Marc H. |
| 942 ## - ADDED ENTRY ELEMENTS (KOHA) | |
| Source of classification or shelving scheme | Dewey Decimal Classification |
| Item type | Book - Borrowing |
| Withdrawn status | Item status | Source of classification or shelving scheme | Damaged status | Not for loan | Vendor | Home library | Current library | Shelving location | Date acquired | Source of acquisition | Cost, normal purchase price | Serial Enumeration / chronology | Total Checkouts | Full call number | Barcode | Date last seen | Koha item type |
|---|---|---|---|---|---|---|---|---|---|---|---|---|---|---|---|---|---|
| Dewey Decimal Classification | Alahram | Central Library | Central Library | First floor | 01/02/2009 | 209.10 | 06391 | 658.04903 SHI | 000014586 | 15/07/2025 | Book - Borrowing |